Indian Legal System (Record no. 1183140)

MARC details
000 -LEADER
fixed length control field 00645nam a2200253Ia 4500
003 - CONTROL NUMBER IDENTIFIER
control field OSt
005 - DATE AND TIME OF LATEST TRANSACTION
control field 20221007103614.0
008 - FIXED-LENGTH DATA ELEMENTS--GENERAL INFORMATION
fixed length control field 221006b |||||||| |||| 00| 0 eng d
037 ## - SOURCE OF ACQUISITION
Terms of availability Textual
040 ## - CATALOGING SOURCE
Original cataloging agency LCO
Transcribing agency LCO
Language of cataloging eng
041 ## - LANGUAGE CODE
Source of code eng
Language code of text/sound track or separate title eng
100 ## - MAIN ENTRY--PERSONAL NAME
Personal name Minattur Joseph
245 #0 - TITLE STATEMENT
Title Indian Legal System
250 ## - EDITION STATEMENT
Edition statement 2nd
260 ## - PUBLICATION, DISTRIBUTION, ETC.
Place of publication, distribution, etc. New
Name of publisher, distributor, etc. Delhi The Indian Law Institute India
Date of publication, distribution, etc. 2006
300 ## - PHYSICAL DESCRIPTION
Extent 722
650 ## - SUBJECT ADDED ENTRY--TOPICAL TERM
Topical term or geographic name entry element INDIAN LEGAL SYSTEM
9 (RLIN) 681430
942 ## - ADDED ENTRY ELEMENTS (KOHA)
Classification part Zv2,N, P6
Koha item type Textual
Holdings
Withdrawn status Lost status Damaged status Not for loan Home library Current library Date acquired Total Checkouts Full call number Barcode Date last seen Price effective from Koha item type
        Law Centre-I Library Law Centre-I Library 2022-10-07   Zv2,N P6 LO1365259 2022-10-07 2022-10-07 Textual
Copyright @ Delhi University Library System